MDQL
is popping MORE tags! Check the
thread
!
Quizzes
Events
Quiz Creation
Community
Videos
Private Events
Remove Ads
Sign In
Join for FREE
Feedback
Dark Mode
Quiz Categories
Sports
Geography
Music
Movies
Television
Just For Fun
Miscellaneous
History
Literature
Language
Science
Gaming
Entertainment
Religion
Holiday
For Kids
Quiz Lab
Recent
Popular Today
Quiz Kudos Today
Editor Picks
Curator Picks
Quizzes by...
Day
Popularity
Type
Ratings
Length
Year
Community
Subscriptions
Recent Discussions
Orange Saloon
Badges
Playlists
Quests
Create
Leaderboards
Showdown
Live 5
Trivia Bingo
Activity
Puzzle Library
Sporcle Events
Private Events
Virtual Trivia
Globe League
Become a Host
Pub Owners
SporcleCon
Opinionation
Our Games
Videos
Blog
Mobile Apps
Partnerships
Remove Ads and Go Orange
Feedback
Gaming
Video Games
Board Games
Card Games
Pokémon
Mario
Nintendo
Minecraft
Console
Toys
Legend of Zelda
Gaming
Video Games
Board Games
Card Games
Pokémon
Mario
Nintendo
Minecraft
Console
Toys
Legend of Zelda
Random Quiz
Search Sporcle
×
Quiz Lab
Quiz Lab
Gaming
Video Games
Type in answers that appear in a list
Type in answers that appear in a list
Classic
Best Score? Go Orange.
XCOM 2 All Enemies (+WOTC) Stats
Can you name all XCOM 2: War of the Chosen enemies?
By
pizzadoggo
5m
49 Questions
69 Plays
69 Plays
69 Plays
Comments
Comments
Give Quiz Kudos
Give Quiz Kudos
-
- Ratings
hide this ad
Replay
Link that replays current quiz
Next Quiz
Link to next quiz in quiz playlist
You Got
0%
They Got
Avg Score
71%
Avg Friend Score
Upgrade to see
Score Distribution
Jump to the score distribution portion of the page
Score
0/49
Timer
05:00
0
Plays Today
Hint
Answer
% Correct
Advent
Trooper
97.1%
Advent
Advanced Trooper
97.1%
Advent
Elite Trooper
97.1%
Alien
Viper
94.2%
Alien
Sectoid
92.8%
Alien
Berserker
88.4%
Advent
Officer
87%
Advent
Advanced Officer
87%
Advent
Elite Officer
87%
Advent
Heavy MEC
87%
Alien
Muton
87%
Alien
Sectopod
87%
Advent
MEC
85.5%
Chosen
The Assassin
84.1%
Chosen
The Warlock
84.1%
Alien
Archon
82.6%
Chosen
The Hunter
82.6%
The Lost
Lost
81.2%
Ruler
Viper King
81.2%
Advent
Priest
78.3%
Advent
Advanced Priest
78.3%
Advent
Elite Priest
78.3%
Alien
Gatekeeper
75.4%
Ruler
Berserker Queen
75.4%
Ruler
Archon King
75.4%
Hint
Answer
% Correct
Alien
Codex
73.9%
Advent
Stun Lancer
71%
Advent
Heavy Stun Lancer
71%
Advent
Elite Stun Lancer
71%
Advent
Purifier
71%
Advent
Advanced Purifier
71%
Advent
Elite Purifier
71%
Alien
Avatar
71%
Advent
Shieldbearer
68.1%
Advent
Elite Shieldbearer
68.1%
Alien
Faceless
65.2%
The Lost
Lost Brute
65.2%
Advent
Turret
63.8%
Advent
Superheavy Turret
63.8%
Advent
Heavy Turret
63.8%
Alien
Chryssalid
62.3%
Alien
Andromedon
62.3%
Summon
Psi Zombie
62.3%
The Lost
Lost Dasher
53.6%
Alien
Spectre
44.9%
Advent
General
31.9%
Summon
Spectral Zombie
23.2%
Summon
Shadow
15.9%
Summon
Spectral Stun Lancer
10.1%
Quiz Playlist
Details
Report
Send in Message
Add To Playlist
Classic:
Type in answers that appear in a list
Last Updated: Feb 14, 2020
Quiz Scoreboard
CHALLENGE
Sign Up to Join the Scoreboard
Show All
Scores
Hide
Comments
May contain spoilers
Recently Published
Find the 'City' Movie
by crazypaving
Movies
60s
5x2 Blitz: Bands
by SL_Kpop136
Music
30s
Colored Red Africa Blitz
by spor1
Geography
30s
More to Explore
Quiz From the Vault
Featured Blog Post
14 Easter Pick-up Lines to Find Eggs With
hide this ad
You Might Also Like...
Tags
Video Games Quiz
PC Games
Strategy
Today's Top Quizzes in Gaming
Browse Gaming
hide this ad
Today's Top Quizzes in Video Games
Browse Video Games
Top Contributed Quizzes in Gaming
1
Destiny 2 exotic weapons by perk icons
2
Legendary or Exotic?
3
Dead By Daylight Logic Puzzle
4
Genshin murder mystery
5
League of Legends Pro Players by Career/Team History
6
Overwatch Logic Puzzle
7
Stardew Mayhem 2: Electric Boogaloo
8
Windmill: Elements
9
Arcade Game Bunker
10
Valorant Utility Use (Up to Clove)
Explore More
Trending Topics
Kpop
Disney
Marvel
Anime
Harry Potter
NBA
Crossword
Song
WWE
The Office
Puzzle
NFL
Soccer
Country
Pokémon
hide this ad
More By:
pizzadoggo
Quiz
Plays
Rating
Category
Featured
Created
Devil May Cry Series Weapons
348
5.00
Entertainment
Feb 16, 2020
XCOM 2 All Enemies (+WOTC)
69
Gaming
Feb 14, 2020
Go to Creator's Profile
Score Distribution
Quiz Creator Spotlight
pizzadoggo
Follow
Send a Message
Quizzes Created
-
Created Quiz Play Count
-
More By This Creator
Popular Quizzes Today
1
5x2 Blitz: Bands
2
Find the 'City' Movie
3
Colored Red Africa Blitz
4
Find the US States - No Outlines Minefield
5
The Countries of the World
6
Find the US States
7
9x9 Crossword: Cartoon Network
8
US States
More Gaming Quizzes
Every Superstar in a WWE 2K Game Part 2
Quiz Lab
Trending Quizzes
Colored Red Africa Blitz II
Colored Red Europe Blitz I
Christmas Pick: Judaism
Colored Red Africa Blitz III
Colored Red Europe Blitz II
Recently Updated
Champions League XIs: Real Madrid
pecheneg
Largest US Cities 1790-2010
pecheneg
Rides in Walt Disney World
pecheneg
Most Oscar Losses (Acting)
pecheneg
Beyoncé Albums
pecheneg
Leaping Animals
pecheneg
Reality TV Shows (A-Z)
bhenderson79
Rickey Henderson's Hall of Fame Teammates
pecheneg
Champions League XIs: Arsenal
pecheneg
Quick Pick: Celebrities in WWE's Hall of Fame
aduchscher
Trending Topics
Harry Potter
Disney
Crossword
Kpop
NBA
Anime
Marvel
Puzzle
Song
Pokémon
Country
WWE
Soccer
NFL
The Office
Your Account Isn't Verified!
In order to create a playlist on Sporcle, you need to verify the email address you used during registration. Go to your
Sporcle Settings
to finish the process.
Report this User
Report this user for behavior that violates our
Community Guidelines
.
Details:
Send Report
Go to the Sporcle.com Mobile Site →
Comments